000 00283nam a2200121Ia 4500
008 190216s9999||||xx |||||||||||||| ||und||
100 _aJohn Maynard Keynes
245 0 _aTreatis On Money
260 _bMacmillan India Ltd
_c1965
300 _a363p
650 _aEconomics
942 _cBK
999 _c9261
_d9261